000 00518nam a2200169Ia 4500
003 GCL
008 140319s9999 xx 000 0 ara d
040 _aGCL /
_cGCL
082 0 4 _a859
_bع ل
245 1 0 _aلمحات فى الادب الرومانى الحديث
300 _a74 ص
490 _aالهيئة العامة للاستعلامات
_v0
650 0 4 _aالعصر الحديث
650 0 4 _aالادباء الرومان
650 0 4 _aالادب الرومانى - تاريخ ونقد
942 _2ddc
_cBK
999 _c47412
_d47412